[Event "Pepe Cuenca Invitational"]
[Site "chess24.com INT"]
[Date "2020.04.14"]
[Round "2.11"]
[White "Anton Guijarro, David"]
[Black "Svidler, Peter"]
[Result "0-1"]
[WhiteTitle "GM"]
[BlackTitle "GM"]
[WhiteElo "2703"]
[BlackElo "2723"]
[WhiteFideId "2285525"]
[BlackFideId "4102142"]
[EventDate "2020.04.12"]

1. e4 e5 2. Nf3 Nc6 3. Bc4 Bc5 4. c3 Nf6 5. d3 d6 6. O-O a6 7. Nbd2 O-O 8. h3
Na5 9. b4 Nxc4 10. Nxc4 Ba7 11. Bg5 h6 12. Bh4 Qe7 13. d4 Qe6 14. d5 Qe7 15. Qc1
Kh7 16. Kh1 Rg8 17. Qc2 g5 18. Bg3 g4 19. hxg4 Nxg4 20. Nh2 Nxh2 21. Bxh2 Qh4
22. f4 f6 23. fxe5 fxe5 24. Rf7+ Rg7 25. Raf1 Bg4 26. Na5 Rg8 27. Rxg7+ Rxg7 28.
Qd2 Bh3 0-1